| 000 | 01242nam a2200313 a 4500 | ||
|---|---|---|---|
| 001 | 1556268 | ||
| 003 | CO-ViMGA | ||
| 005 | 20230915233609.0 | ||
| 008 | 171115s2017 ck a gr 000 0 spa d | ||
| 020 | _a9789583053931 | ||
| 040 |
_aCO-ViMGA _bspa _cCO-ViMGA |
||
| 041 | 1 | _hfre | |
| 082 | 0 | 4 |
_aI100 _bL11c _221 |
| 100 | 1 |
_aLabb,̌ Brigitte, _d1959- _9232 |
|
| 245 | 1 | 0 |
_aCon religión y sin religión / _cBrigitte Labbe, P. D. Dupont-Beurier ; ilustraciones Jacques Azam ; traducción Jorge Eduardo Salgar Restrepo. |
| 250 | _aEdición Mireya Fonseca Leal. | ||
| 260 |
_aBogot :̀ _bPanamericana Editorial, _c2017. |
||
| 300 |
_a48 pg̀inas : _bilustraciones ; _c18 cm. |
||
| 490 | 0 | _aPl̕doras de sabidura̕ | |
| 534 |
_pTt̕ulo original : _tAvec religion, sans religion. |
||
| 650 | 1 | 4 |
_aAteismo _x Aspectos filosóficos _x Literatura infantil. _9235 |
| 650 | 1 | 4 |
_aFilosofia de la religión _x Literatura infantil. _9234 |
| 650 | 1 | 4 |
_aFilosofia para niños _x Literatura infantil. _9233 |
| 700 | 1 |
_aAzam, Jacques, _eilustrador. _9236 |
|
| 700 | 1 |
_aDupont Beurier, Pierre Francois. _9237 |
|
| 700 | 1 |
_aFonseca Leal, Raquel Mireya, _eeditor. _953 |
|
| 700 | 1 |
_aSalgar Restrepo, Jorge Eduardo, _etraductor. _9231 |
|
| 942 |
_2ddc _cBK |
||
| 999 |
_c8535 _d8535 |
||